|
|
|
|
| LEADER |
00000cam a2200000 4500 |
| 001 |
vtls012084439 |
| 003 |
SK-MaSNL |
| 005 |
20260302024838.0 |
| 008 |
220124s2021 xo a br 000 0 slo |
| 015 |
|
|
|a SNBA2022/09
|
| 020 |
|
|
|a 9788097367664
|q (viazané)
|
| 040 |
|
|
|a SNK
|b slo
|c SNK
|e rda
|
| 041 |
0 |
|
|a slo
|
| 044 |
|
|
|a xo
|c SK
|
| 072 |
|
7 |
|a 811.162.4
|x Slovenčina
|2 konspekt
|
| 072 |
|
7 |
|a 0/9-053.2
|x Literatúra pre deti a mládež (náučná)
|2 konspekt
|
| 072 |
|
7 |
|a 511
|x Teória čísel
|2 konspekt
|
| 080 |
|
|
|a 511.11
|2 2011
|
| 080 |
|
|
|a 811.162.4
|2 2011
|
| 080 |
|
|
|a 003.23
|2 2011
|
| 080 |
|
|
|a 821-193
|2 2011
|
| 080 |
|
|
|a (0.053.2)
|2 2011
|
| 100 |
1 |
|
|a Zimová, Mária
|4 aut
|9 373095
|
| 245 |
1 |
0 |
|a Abeceda a čísla trocha inak
|b zážitkové a intuitívne učenie : vizuálna technika učenia
|c autori: Mária Zimová, Peter Zima ; ilustrácie: Alžbeta Kováčová ; verše: Lenka Kačmárová, Mária Zimová
|
| 250 |
|
|
|a 1. vydanie
|
| 264 |
|
1 |
|a Bratislava
|b Wintrend s.r.o.
|c 2021
|
| 300 |
|
|
|a 88 strán
|b ilustrácie
|c 21x21 cm
|
| 336 |
|
|
|a text
|b txt
|2 rdacontent
|
| 336 |
|
|
|a statický obraz
|b sti
|2 rdacontent
|
| 337 |
|
|
|a bez média
|b n
|2 rdamedia
|
| 338 |
|
|
|a zväzok
|b nc
|2 rdacarrier
|
| 650 |
0 |
7 |
|a slovenčina
|2 SNKPH
|9 1350
|
| 650 |
0 |
7 |
|a abeceda
|2 SNKPH
|9 2159
|
| 650 |
0 |
7 |
|a Slovak language
|2 SNKPHeng
|9 266031
|
| 650 |
0 |
7 |
|a Alphabet
|2 SNKPHeng
|9 302730
|
| 650 |
0 |
7 |
|a Numbers
|2 SNKPHeng
|9 315902
|
| 650 |
0 |
7 |
|a čísla
|2 SNKPH
|9 57358
|
| 655 |
|
7 |
|a riekanky
|2 SNKPH
|9 70648
|
| 655 |
|
7 |
|a publikácie pre deti
|2 SNKPH
|9 70148
|
| 655 |
|
7 |
|a Nursery rhymes
|2 SNKPHeng
|9 282496
|
| 655 |
|
7 |
|a Publications for children
|2 SNKPHeng
|9 276792
|
| 700 |
1 |
|
|a Zima, Peter
|4 aut
|9 394609
|
| 700 |
1 |
|
|a Kováčová, Alžbeta
|c (ilustrátorka)
|4 ill
|9 214887
|
| 700 |
1 |
|
|a Kačmárová, Lenka
|4 aut
|9 446639
|
| 919 |
|
|
|a 978-80-973676-6-4
|
| 954 |
|
|
|a beletria pôvodná (slovenská)
|2 lita
|
| 999 |
|
|
|c 1042002
|d 1043932
|
| 952 |
|
|
|a SNK
|b SNK
|y PREZ
|7 0
|p 17A1479493
|o snkSC 196403
|i snk2022/2918
|8 0
|0 0
|1 0
|4 0
|d 2022-02-25
|f 1
|l 0
|r 2025-10-16 00:00:00
|w 2026-02-24
|
| 952 |
|
|
|a SNK
|b SNK
|y VYP
|7 0
|p 17A1479492
|o snkSC 196403 D1
|i snk2022/2919
|8 0
|0 0
|1 0
|4 0
|d 2022-02-25
|l 0
|r 2026-02-24 14:27:43
|w 2026-02-24
|